000 00684nam a22001577a 4500
005 20260127145859.0
008 230715b ||||| |||| 00| 0 eng d
040 _cSSBUL
_dSSBUL
082 _223
_a၁၂၈ လူ ၁၆၀၅၃ (S-SAT)
245 _aလူနှင့်ပတ်ဝန်းကျင်တို့၏ အညမညသဘောတရား /
260 _aရန်ကုန်၊
_bမြန်မာ့ဆိုရှယ်လစ်လမ်းစဉ်ပါတီ၊
_c၁၉၈၂။
300 _a၆၉ စာမျက်နှာ၊
_c၂၂ စင်တီ။
500 _aS-SAT: Dr. Prof Sai Aung Tun
650 _aလူ။
_927828
942 _2ddc
_cBK1
999 _c27258
_d27258